000 00998nmm a2200313 a 4500
001 ocm0001221638
003 TR-IsHL
005 20201028154715.0
008 131219s2009 tu tur
007 cr cn
020 _a9789757215905
035 _a1221638
_b(N$T)
050 0 4 _aTT507
_b.A67 2009
090 0 4 _aTT507
_b.A67 2009
100 1 _aArslan, Kahraman
245 1 0 _aModa tasarımı
_h[electronic resource] /
_cKahraman Arslan
260 _aİstanbul :
_bMÜSİAD,
_c2009
300 _a128 p.
650 4 _aGüzel Sanatlar
650 4 _aFine Arts
650 0 _aModa tasarımı
650 0 _aFashion design
650 0 _aModa tasarımı
_x Mesleki rehberlik
650 0 _aFashion design
_x Vocational guidance
650 0 _aGiyim ve kuşam
650 0 _aClothing and dress
650 7 _aBUSINESS & ECONOMICS / Industries / Fashion & Textile Industry
_2bisacsh
856 4 0 _uhttp://search.ebscohost.com/login.aspx?direct=true&scope=site&db=e011xww&AN=1221638
999 _c12714
_d12714